000 00735nas a2200241 i 4500
001 1454
003 ES-MaACL
005 20251114150402.0
007 t|
008 950801d19431971sp | | 1 ||pa d
022 _a0026-0037
080 _a(051)
245 0 0 _aMeridiano
_b: síntesis de la prensa mundial /
_cdir. Manuel Jiménez Quilez.
260 _aMadrid :
_bEditorial Católica,
_c1943-1971.
300 _a28 v. ;
_c20 cm.
310 _aMensual
362 0 _aAño I (ene. 1943)--n. 341 (mayo 1971)
650 1 4 _aRevistas de información general.
_916896
700 1 _aJiménez Quílez, Manuel,
_d1915-2001
_966595
852 _aES-MaACL
_jHem-946
866 0 _o1943-58(1959f.n.197)1960(1961).
999 _c1454
_d1454